| 000 | 01404nam0a22004811 4500 | ||
|---|---|---|---|
| 001 | RU\NLR\A1SV\45441 | ||
| 005 | 20260406080741.0 | ||
| 035 | _a(NLR Aleph) 009727583 | ||
| 090 |
_a9897046 _c9897046 |
||
| 100 | _a20030203d1925 u y0rusy50 ca | ||
| 101 | 0 | _arus | |
| 102 | _aRU | ||
| 200 | 1 |
_aМоряки-декабристы _fИ.В.Егоров |
|
| 210 |
_aЛ. _cРед.-изд. отд. в.-мор. сил РККА _d1925 |
||
| 215 |
_a141, [3] с. _cил., портр., факс. _d23 см |
||
| 620 | _dСанкт-Петербург | ||
| 700 | 1 |
_7ca _8rus _aЕгоров _bИ. В. _cисторик, деятель в обл. просвещения _f1887-1971 _gИван Васильевич _9219111 _3RU\NLR\AUTH\770219167 |
|
| 801 | 0 |
_aRU _bNLR _c20030203 |
|
| 830 | _aВ РГБ у авт.: 1887- | ||
| 852 |
_aNLR _j37.31.3.92 |
||
| 852 |
_aNLR _j130/2947 |
||
| 852 |
_aNLR _jМф К1/13603 |
||
| 899 | _aГАРФ | ||
| 899 | _aBN | ||
| 899 | _aРГБ | ||
| 899 | _aРКП | ||
| 899 |
_aCULW _z(Мф) |
||
| 899 |
_aCUBG _z(Мф) |
||
| 899 |
_aBL _z(Мф) |
||
| 899 |
_aHCol _z(Мф) |
||
| 899 |
_aНБ Бел. _z(Мф) |
||
| 899 | _aМГУ | ||
| 899 | _aNLG | ||
| 899 | _aСПбГУ | ||
| 899 | _aСамОУНБ | ||
| 899 | _aУОНБ | ||
| 899 | _aНБ ТГУ | ||
| 899 | _aГОПБ | ||
| 899 | _aГПИБ | ||
| 942 | _cBOOK | ||
| 980 | _aNB | ||
| 980 | _aA1SV | ||